| 000 | 00920cab a2200277 4500 | ||
|---|---|---|---|
| 001 | ABS60539 | ||
| 008 | 090401t1999 xxu||||| |||| 00| 0 eng d | ||
| 035 | _a(Sirsi) u92738 | ||
| 041 | _aeng | ||
| 100 | _aPhillips, A. | ||
| 245 | _aWhat to do when access to adjoining land is vital | ||
| 260 | _c1999 | ||
| 350 | _a0 | ||
| 490 |
_aCSM (Chartered Surveyor Monthly) _v8 (8) April 1999, 41-43(3) |
||
| 520 | _aDiscusses the provisions of the Party Wall etc Act 1996, the Access to Neighbouring Land Act 1992 and common law which would be relevant for a construction project needing access to adjoining land. Case law. | ||
| 650 | _aACCESS ORDERS | ||
| 650 | _aACCESS TO NEIGHBOURING LAND ACT 1992 | ||
| 650 | _aCASE LAW | ||
| 650 | _aCOMMON LAW | ||
| 650 | _aCONSTRUCTION PROJECTS | ||
| 650 | _aPARTY WALL ETC ACT 1996 | ||
| 690 | _aLAW | ||
| 700 | _aRedler, A. | ||
| 942 | _n0 | ||
| 948 | _c15/04/1999 | ||
| 999 |
_c58781 _d58781 |
||